• 首页
  • 本馆介绍
  • 公告通知
  • 最新文献
  • 馆藏检索
  • 电子资源
  • 读者导购
  • 参考咨询
  • 我的图书馆
  • 登录
  • 详细信息显示
  • 放入我的书架
  • 预约/预借图书
  • 作者相关作品
  • 分类相关作品
  • 丛书相关作品
  • 出版社相关作品

书目信息

  • 表格格式
  • 工作单格式
  • 卡片格式
题名:
学习与教学心理学
    
 
作者: 山内光哉 著 ;李蔚 , 楚日辉 译
分册:  
出版信息: 北京   教育科学出版社  1986
页数: 310页
开本: 19cm
丛书名: 外国教育译丛
单 册:
中图分类: G44 , B84
科图分类:
主题词: 心理学 , 学习心理学
电子资源:
ISBN:
000 00783nam2 2200289 45
001 1535924658
005 20150129183648.39
010    @dCNY2.00
091    @aCN@b7232.263
100    @a19900726d1986 emky0chiy0121 ea
101 1  @achi@cjpn
102    @aCN@b110000
105    @ay z 000yy
200 10 @a学习与教学心理学@Axue xi yu jiao xue xin li xue@f(日)山内光哉著@g李蔚, 楚日辉译
210    @a北京@c教育科学出版社@d1986
215    @a310页@d19cm
225 2  @a外国教育译丛
410  0 @120010@a外国教育译丛
606    @a心理学
606    @a学习心理学
690    @aG44@v3
690    @aB84@v4
701  0 @a山内光哉@Ashan nei guang zai@4著
702  0 @a李蔚@Ali wei@4译
702  0 @a楚日辉@Achu ri hui@4译
801  0 @aCN@bTSSF@c20150129
905    @aZUCC@dB84@eJY79
    
    学习与教学心理学/(日)山内光哉著/李蔚, 楚日辉译.-北京:教育科学出版社,1986
    310页;19cm.-(外国教育译丛)
    
    
    ISBN :CNY2.00
    
●
相关链接 在E读中查询图书 在五车中查询图书 在当当中查询图书 在豆瓣中查询图书


正题名:学习与教学心理学     索取号:B84/JY79         预约/预借

序号 登录号 条形码 馆藏地/架位号 状态 备注
1 7836686   278366867   学院路分馆/ [索取号:B84/JY79] 在馆    
唐山师范学院图书馆 欢迎您!
大连网信软件有限公司© 版权所有